• 首页
  • 本馆介绍
  • 公告通知
  • 最新文献
  • 馆藏检索
  • 电子资源
  • 读者导购
  • 参考咨询
  • 我的图书馆
  • 登录
  • 详细信息显示
  • 放入我的书架
  • 预约/预借图书
  • 作者相关作品
  • 分类相关作品
  • 丛书相关作品
  • 出版社相关作品

书目信息

  • 表格格式
  • 工作单格式
  • 卡片格式
题名:
现代体育教学法
    
 
作者: 陈效范 , 李文卿 , 陈效范 , 李文卿 编
分册:  
出版信息: 上海   上海科学技术文献出版社  1986
页数: 176页
开本: 26cm
丛书名:
单 册:
中图分类: G811.5
科图分类:
主题词: 体育-教学法 , 教学法-体育 , 体育事业--世界
电子资源:
ISBN:
000 00837nam0 2200301 45
001 0186017506
005 20040508101423.7
010    @dCNY2.40
091    @a17192.124
100    @a19900802d1986 em y0chiy0121 ea
101 0  @achi
102    @aCN@b310000
105    @af z 000yy
106    @ar
200 10 @a现代体育教学法@Axian dai ti yu jiao xue fa@f陈效范, 李文卿编著@FChen Xiao Fan,Li Wen Qing Bian Zhu
210    @a上海@c上海科学技术文献出版社@d1986
215    @a176页@d26cm
606    @a体育-教学法
606    @a教学法-体育
606 0  @a体育事业@x世界
690    @aG811.5
701  0 @a陈效范@Achen xiao fan@4编
701  0 @a李文卿@Ali wen qing@4编
701  0 @a陈效范@4编著
701  0 @a李文卿@4编著
801  0 @aCN@b深圳图书馆@c20040508
801  2 @aCN@bNLC@c20040508
905    @f2@b209580-581@dG811.5@e19
    
    现代体育教学法/陈效范, 李文卿编著.-上海:上海科学技术文献出版社,1986
    176页;26cm
    
    
    ISBN :CNY2.40
    
●
相关链接 在E读中查询图书 在五车中查询图书 在当当中查询图书 在豆瓣中查询图书


正题名:现代体育教学法     索取号:G811.5/19         预约/预借

序号 登录号 条形码 馆藏地/架位号 状态 备注
1 0209580   000297574   密集书库/ [索取号:G811.5/19] 在馆    
2 0209581   000297592   密集书库/ [索取号:G811.5/19] 在馆    
3 0209582   000297583   第一样本阅览室/ [索取号:G811.5/19] 在馆    
唐山师范学院图书馆 欢迎您!
大连网信软件有限公司© 版权所有